| 000 | 00918nam a22002297a 4500 | ||
|---|---|---|---|
| 999 |
_c778 _d778 |
||
| 003 | AR-CdUCM | ||
| 008 | 190225b ||||| |||| 00| 0 spa d | ||
| 040 |
_aMUNICIPALIDAD PROVINCIAL DEL CUSCO _cBIBLIOTECA MUNICIPAL DEL CUSCO |
||
| 082 |
_a985.001 / _bD49 |
||
| 100 |
_aDelran C., Guido. _92975 |
||
| 245 | _aHistoria rural del Perú / | ||
| 260 |
_aCusco : _bCentro de Estudios Rurales Andino "Bartolomé de las Casas", _c1978. |
||
| 300 |
_a191 páginas ; _bilustraciones, mapas, _c21 cm. |
||
| 440 |
_aHistoria y Sociedad _n1 _92976 |
||
| 505 | _aContenido: La sociedad Andina desde sus orígenes hasta el Tawantinsuyu .- El Tawantinsuyu -- Conquista y Coloniaje -- El Perú Republicano: una frustración. | ||
| 650 |
_aCondiciones sociales _91132 |
||
| 650 |
_aHistoria peruana _91316 |
||
| 650 |
_aAspectos sociales _9262 |
||
| 650 |
_aIndigenismo _9208 |
||
| 942 |
_2ddc _cLIBROS |
||
| 945 |
_araen _d2019-02-25 |
||